Rhode Island Attorneys General - Statistics

General Stats
  • This quiz has been taken 3 times
  • The average score is 4 of 40
Answer Stats
Years Served Party Attorney General % Correct
1999 - 2003 Democrat Sheldon Whitehouse
67%
1985 - 1987 Republican Arlene Violet
33%
1979 - 1985 Democrat Dennis J. Roberts II
33%
1923 - 1924 Democrat Herbert L. Carpenter
33%
1987 - 1993 Democrat James E. O'Neil
33%
1993 - 1999 Republican Jeffrey B. Pine
33%
1958 - 1967 Democrat J. Joseph Nugent
33%
1975 - 1979 Democrat Julius C. Michaelson
33%
2003 - 2011 Democrat Patrick C. Lynch
33%
2011 - 2019 Democrat Peter Kilmartin
33%
2019 - Present Democrat Peter Neronha
33%
1971 - 1975 Republican Richard J. Israel
33%
1863 Republican Abraham Payne
0%
1931 - 1933 Republican Benjamin M. McLyman
0%
1901 - 1904 Democrat Charles F. Stearns
0%
1855 - 1857 Republican Charles Hart
0%
1925 - 1928 Republican Charles P. Sisson
0%
1854 Whig Christopher Robinson
0%
1894 - 1896 Republican Edward C. Dubois
0%
1886 Prohibition Edwin Metcalf
0%
1912 - 1922 Republican Herbert A. Rice
0%
1961 - 1971 Republican Herbert F. DeSimone
0%
1864 - 1866 Republican Horatio Rogers
0%
1888 Republican Horatio Rogers
0%
1858 - 1859 Republican Jerome Kimball
0%
1941 - 1949 Democrat John H. Nolan
0%
1933 - 1938 Democrat John P. Hartigan
0%
1843 - 1850 Law and Order Joseph M. Blake
0%
1939 - 1940 Republican Louis V. Jackvony
0%
1929 - 1930 Republican Oscar L. Heltzen
0%
1891 - 1893 Republican Robert W. Burbank
0%
1882 - 1885 Republican Samuel P. Colt
0%
1851 - 1853 Democrat Walter S. Burges
0%
1860 - 1863 Democrat Walter S. Burges
0%
1897 - 1900 Republican Willard B. Tanner
0%
1866 - 1881 Republican Willard Sayles
0%
1905 - 1911 Republican William B. Greenough
0%
1949 - 1957 Democrat William E. Powers
0%
1887 Democrat Ziba O. Slocum
0%
1889 - 1890 Democrat Ziba O. Slocum
0%
No matching quizzes found
Score Distribution
Percent of People with Each Score
Percentile by Number Answered
Your Score History
You have not taken this quiz